000 00296nam a22001337a 4500
008 170713b xxu||||| |||| 00| 0 eng d
020 _a0395296056
041 _aeng
080 _a038
100 _a23
101 _aFJA
245 _aROGET'S II THE NEW THESAURUS
_cVIANNA,F.M
942 _2udc
_cBK
999 _c20468
_d20468